Every 100,000+ city in China: Guangxi - Statistics

General Stats
  • This quiz has been taken 7 times
  • The average score is 21 of 72
Answer Stats
Letter Population City % Correct
G 2,182,301 Guilin
100%
N 6,370,280 Nanning
100%
B 1,209,907 Beihai
75%
L 3,058,332 Liuzhou
75%
Q 1,033,506 Qinzhou
75%
W 1,409,835 Wuzhou
75%
Y 1,343,910 Yulin
75%
B 1,064,470 Baise
50%
B 358,883 Beiliu
50%
C 313,441 Cenxi
50%
C 402,089 Chongzuo
50%
F 562,036 Fangchenggang
50%
G 1,114,725 Guigang
50%
H 858,060 Hechi
50%
H 827,403 Hezhou
50%
L 791,196 Laibin
50%
L 208,347 Lingshan
50%
T 152,336 Teng
50%
B 251,159 Binyang
25%
B 188,275 Bobai
25%
D 103,905 Dafeng
25%
D-Y 130,088 Dahua Yao
25%
D 102,803 Daxin
25%
D 232,940 Dongxing
25%
D 110,493 Du'An
25%
F 155,248 Fusui
25%
G 320,092 Guiping
25%
H 104,165 Hengzhou
25%
H 103,685 Heshan
25%
H-M 114,249 Huanjiang Maonan
25%
L 181,586 Lipu
25%
L 100,343 Litang
25%
L 138,405 Longlin
25%
L 342,110 Longxu
25%
L-M 102,306 Luocheng Mulao
25%
M 103,098 Mengshan
25%
N 108,144 Nandan
25%
N 106,130 Ningming
25%
P 266,160 Pingguo
25%
P 168,115 Pingle
25%
P 194,905 Pingnan
25%
P 126,009 Pubei
25%
Q 142,660 Quanzhou
25%
R-M 104,690 Rongshui Miao
25%
R 140,577 Rongxian
25%
S 136,021 Shangsi
25%
T 135,821 Tiandong
25%
T 309,784 Tianyang
25%
W 171,069 Wuming
25%
W 125,301 Wuxuan
25%
X 101,004 Xiangzhou
25%
X 100,859 Xincheng
25%
X 122,046 Xing'An
25%
X 105,410 Xingye
25%
Y 111,468 Yangshuo
25%
Y 105,011 Yongfu
25%
Z 127,109 Zhaoping
25%
Z 105,962 Zhongshan
25%
B-Y 124,096 Bama Yao
0%
D 115,889 Debao
0%
F 132,308 Fuyang
0%
G 101,507 Gongcheng
0%
G 121,051 Guyi
0%
H 290,046 Hepu
0%
J 282,046 Jingxi
0%
L 119,095 Liucheng
0%
L 112,990 Longzhou
0%
L 190,025 Luzhai
0%
N 113,923 Napo
0%
Q 117,014 Qingyuan
0%
R 186,007 Rong'an
0%
S 109,055 Sili
0%
No matching quizzes found
Score Distribution
Percent of People with Each Score
Percentile by Number Answered
Your Score History
You have not taken this quiz